000
00259nam a22001097a 4500
008
140515t xxu||||| |||| 00| 0 eng d
020
_a
978-81-89473-23-5
100
_a
Hemant Rawat
_9
860
245
_a
Agricultural Biotechnology
300
_a
277
942
_2
ddc
_c
BK
999
_c
17104
_d
17104